01638nam a2200289 a 4500001001000000005001700010008004100027041000800068044000700076084002000083100004500103245008500148260003400233300004000267500021100307500032300518500008600841500008600927500003601013500001201049650005201061650005601113650003401169650004501203700005001248740005001298BRCA_273420190320203939.0041208s1897----sp-a---###---#000-0#spa-u aspa asp a230b.S45c18971 aCervantes Saavedra, Miguel ded1547-161610aEl Ingenioso Hidalgo Don Quijote de la Manchacpor Miguel de Cervantes Saavedra. aBarcelonabMiguel Seguic1897 a2 v.bil. (algunas a color)c27 cm. aContenido : v 1. Primera parte. Retrato de Cervantes por Seriñá. Dedicatoria del autor. Prólogo del autor. Versos preliminares. -- v 2. Segunda parte. Dedicatoria del autor. Prólogo del autor. Texto aHermosa edición, bien impresa con tipos grandes y claros, pero en papel inferior. Sigue el texto de la edición de 1608, de Cuesta. Las ilustraciones que adornan son de Pahissa y de Seriñá, las de éste peores que las d aquél. Contiene un precioso retrato de Cervantes pintado por Seriñá Lúdovik Osterc aEstado físico : Las primeras hojas del volumen 1 se encuentran por desprenderse aCon ex-libris de : Sello de la Biblioteca psrticular de la casa editorial Gallach aIncluye índice : De láminas aQM1008A14aNovela españolayÉpoca clásica, 1500-170014aLiteratura españolayÉpoca clásica, 1500-170014aNovela españolaySiglo XVII14aDon Quijote (Personaje ficticio)eNovela1 aPahissa Laporta, Jaumed1846-1928eIlustrador0 aEl Ingenioso Hidalgo Don Quijote de la Mancha